| 000 | 00000nam##2200000za#4500 |
| 001 | 9.683386 |
| 003 | CaOODSP |
| 005 | 20210615133527 |
| 007 | ta |
| 008 | 150407|2006||||xxc||||| f|0| 0 fre|d |
| 020 | |a1-55392-828-8 |
| 040 | |aCaOODSP|bfre |
| 043 | |an-cn--- |
| 086 | 1 |aH118-39/1-2006F |
| 110 | 1 |aCanada. |bInstitut canadien d'information sur la santé. |
| 245 | 10|aIndicateurs pancanadiens de soins de santé primaires, rapport 1, volume 1 |
| 246 | 3 |aProjet d'élaboration d'indicateurs pancanadiens de soins de santé primaires, rapport 1, volume 1 |
| 260 | |aOttawa - Ontario : |bInstitut canadien d'information sur la santé |c2006. |
| 300 | |ax, 118p. : |bréférences, tableaux ; |c28 cm. |
| 500 | |aL'édition imprimée de cette publication N'est PAS disponible aux bibliothèques de dépôt sélectif ou au grand publique. L'ICIS a imprimé suffisament de copies pour les bibliothèques de dépôt universel seulement. |
| 520 | 3 |aCette série de rapports rend compte des résultats obtenus à la suite d'une initiative conjointe visant à élaborer une liste d'indicateurs de soins de santé primaires convenus partout au Canada. Le volume 1 du rapport 1 fournit le contexte des 105 indicateurs convenus. Le volume 2 du rapport 1 présente les spécifications techniques détaillées se rapportant à chacun de ces 105 indicateurs. Veuillez noter que des spécialistes ont évalué la validité apparente et l'importance des indicateurs mais ces derniers n'ont pas encore été vérifiés dans la pratique. Un rapport complémentaire présente des façons d'améliorer l'infrastructure de collecte de données pancanadiennes. |
| 563 | |aReliure à spirale |
| 590 | |a06-33|b2006-08-18 |
| 691 | 07|aIndicateur|2gcpds |
| 691 | 07|aSoins de santé|2gcpds |
| 775 | 08|tPan-Canadian primary health care indicators, report 1, volume 1 |w(CaOODSP)9.650266 |
| 776 | 0#|tIndicateurs pancanadiens de soins de santé primaires, rapport 1, volume 1 |w(CaOODSP)9.633138 |